The strategy of the genes; (Record no. 70326)
[ view plain ]
| 000 -LEADER | |
|---|---|
| fixed length control field | 00925cam a22002771 4500 |
| 001 - CONTROL NUMBER | |
| control field | 70326 |
| 003 - CONTROL NUMBER IDENTIFIER | |
| rucl marc code | BD-RjUL |
| 005 - DATE AND TIME OF LATEST TRANSACTION | |
| control field | 20211209082003.0 |
| 008 - FIXED-LENGTH DATA ELEMENTS--GENERAL INFORMATION | |
| fixed length control field | 850412s1957 enka b 000 0 eng |
| 035 ## - SYSTEM CONTROL NUMBER | |
| System control number | (BD-RjUL)70540 |
| 040 ## - CATALOGING SOURCE | |
| Original cataloging agency | DLC/ICU |
| Transcribing agency | ICU |
| Modifying agency | DLC |
| Language of cataloging | eng |
| 041 ## - LANGUAGE CODE | |
| Language code of text/sound track or separate title | eng |
| 082 00 - DEWEY DECIMAL CLASSIFICATION NUMBER | |
| Classification number | 576.8 |
| Edition number | 23 |
| Author mark and year | WAS1957 |
| 100 1# - MAIN ENTRY--PERSONAL NAME | |
| Personal name | Waddington, C. H. |
| Fuller form of name | (Conrad Hal), |
| Dates associated with a name | 1905-1975. |
| 9 (RLIN) | 226483 |
| 245 14 - TITLE STATEMENT | |
| Title | The strategy of the genes; |
| Remainder of title | a discussion of some aspects of theoretical biology. |
| Statement of responsibility, etc. | C.H. Waddington ; With an appendix by H. Kacser. |
| 260 ## - PUBLICATION, DISTRIBUTION, ETC. (IMPRINT) | |
| Place of publication, distribution, etc. | London, |
| Name of publisher, distributor, etc. | George Allen & Unwin |
| Date of publication, distribution, etc. | [1957] |
| 300 ## - PHYSICAL DESCRIPTION | |
| Pagination | ix, 260 p. |
| Illustrations | illus., diagrs., tables. |
| Size | 23 cm. |
| 504 ## - BIBLIOGRAPHY, ETC. NOTE | |
| Bibliography, etc | Bibliography: p. 250-257. |
| 650 #0 - SUBJECT ADDED ENTRY--TOPICAL TERM | |
| Topical term or geographic name as entry element | Evolution (Biology) |
| 9 (RLIN) | 226484 |
| Topical term or geographic name as entry element | Embryology. |
| 9 (RLIN) | 226485 |
| Topical term or geographic name as entry element | Genetics. |
| 9 (RLIN) | 226486 |
| 906 ## - LOCAL DATA ELEMENT F, LDF (RLIN) | |
| a | 7 |
| b | cbc |
| c | orignew |
| d | u |
| e | ncip |
| f | 19 |
| g | y-gencatlg |
| 942 ## - ADDED ENTRY ELEMENTS (KOHA) | |
| Source of classification or shelving scheme | Dewey Decimal Classification |
| Koha item type | Books |
| Lost status | Source of classification or shelving scheme | Damaged status | Not for loan | Collection code | Permanent Location | Current Location | Shelving location | Date acquired | Source of acquisition | Cost, normal purchase price | Total Checkouts | Full call number | Date last seen | Copy number | Koha item type |
|---|---|---|---|---|---|---|---|---|---|---|---|---|---|---|---|
| Dewey Decimal Classification | Not For Loan | Non-fiction | Central Library, University of Rajshahi | Central Library, University of Rajshahi | Reading Room | 17/12/1964 | Eureka-Pak | 1.00 | 576.8 WAS 1957 | 26/12/2018 | C-1 | Books |